Política internacional: enfoques y realidades /

Gespeichert in:
Bibliographische Detailangaben
1. Verfasser: Wilhelmy, Manfred
Körperschaften: Centro Interuniversitario de Desarrollo, CINDA
Weitere Verfasser: Tomassini, Luciano Fermandois, Joaquín Durán, Roberto Pardo, Rodrigo Aimone, Enrique
Format: Text
Veröffentlicht: Buenos Aires: Grupo Editor Latinoamericano. GEL
Tags: Tag hinzufügen
Keine Tags, Fügen Sie den ersten Tag hinzu!

MARC

LEADER 00000 a a2200000 04500
001 22402
003
040
020 |a 950-694-004-5  
090 |a 152700  
100 |a Wilhelmy, Manfred  
110 |a Centro Interuniversitario de Desarrollo  
245 |a Política internacional: enfoques y realidades /  |c Centro Interuniversitario de Desarrollo  
260 |a Buenos Aires:   |b Grupo Editor Latinoamericano. GEL  
300 |a 360 p.  
700 |a Tomassini, Luciano   |a Fermandois, Joaquín   |a Durán, Roberto   |a Pardo, Rodrigo   |a Aimone, Enrique  
710 |a CINDA  
999 |c 8266  |d 8266